Liderzy Pucharu Świata 2019/20 - Statystyki

Ogólne statystyki
  • Ten quiz został rozwiązany 133 razy
  • Średni wynik to 6 z 6
Statystyki odpowiedzi
nr. Od Do Narodowość Odpowiedź % Poprawnych
3 Engelberg Engelberg Austria Kraft
98%
5 Predazzo Sapporo Niemcy Geiger
97%
4 Engelberg Predazzo Japonia Kobayashi
97%
6 Sapporo zwycięzca Austria Kraft
96%
2 Klingenthal Engelberg Japonia Kobayashi
95%
1 Wisła Klingenthal Norwegia Tande
91%
Nie znaleziono quizów pasujących do podanych kryteriów
Rozkład punktacji
Procent ludzi z każdym wynikiem
Percentyl według liczby udzielonych odpowiedzi
Twoja historia wyników
Nie rozwiązałeś tego quizu